000
00344nam a2200157Ia 4500
005
20250425161157.0
008
250425s9999 xx 000 0 und d
041
_a
eng
082
_a
IBM4381
245
0
_a
HANDBOOK OF FUNDAMENTALS
250
_a
S.E.
260
_a
S.L.
260
_a
Sin Pais
_b
ASHR
_c
1972
942
_c
01
010
_a
14434
999
_c
203963
_d
203963